Sensory Marketing bakalárska práca

Saved in:
Bibliographic Details
Main Author: Sikelová, Valentína
Corporate Author: Fakulta aplikovaných jazykov EU v Bratislave. Katedra interkultúrnej komunikácie
Other Authors: Némethová, Ildikó, 1974-
Format: Book
Language:English
Published: Bratislava 2018
Tags: Add Tag
No Tags, Be the first to tag this record!

MARC

LEADER 00000nbm a2200000 4500
001 0243985
005 20180913144817.4
041 0 |a eng 
044 |a SK 
245 1 0 |a Sensory Marketing  |b bakalárska práca  |c Valentína Sikelová ; školiteľ: Ildikó Némethová 
264 1 |a Bratislava  |c 2018 
300 |a 38 s. 
100 1 |a Sikelová, Valentína 
700 1 |a Némethová, Ildikó, 1974- 
710 2 |a Fakulta aplikovaných jazykov EU v Bratislave. Katedra interkultúrnej komunikácie